| 000 | 00354nam a22001097a 4500 | ||
|---|---|---|---|
| 008 | 140121b xxu||||| |||| 00| 0 eng d | ||
| 020 |
_a0471093904 _cAvailable |
||
| 082 |
_a627.38TER _b002569 |
||
| 100 | _gHB,1443p | ||
| 245 |
_aOptimum Array Processing Detection,Estimation,and Modulation Theory _cTrees Van _hEnglish |
||
| 260 |
_aCanada _bJohn Wiley & Sons _c2002 |
||
| 999 |
_c23791 _d23791 |
||